Bloodline lyrics - Alex Warren ft. Jelly Roll - Statistics

General Stats
  • This quiz has been taken 151 times
  • The average score is 253 of 339
Answer Stats
Answer % Correct
I
100%
the
97%
that
94%
you
94%
to
93%
oh
92%
your
92%
bloodline
91%
in
91%
don't
90%
brother
89%
my
89%
follow
86%
have
84%
it
83%
on
83%
who
83%
no
82%
and
81%
like
78%
are
77%
got
77%
left
77%
time
76%
then
75%
we
75%
where
75%
chain
74%
down
74%
each
74%
if
74%
other
74%
still
74%
but
73%
Take
73%
break
72%
wall
72%
tomorrow
70%
isn't
68%
pain
68%
pass
68%
scarred
67%
bottles
65%
let
65%
you're
65%
know
64%
came
63%
said
63%
won't
63%
alone
61%
from
61%
broken
60%
car
60%
daddy's
60%
of
60%
fault
59%
that's
59%
walk
59%
road
57%
dead
56%
night
56%
not
56%
there's
56%
call
55%
can
55%
blame
53%
her
53%
one
53%
make
52%
end
50%
his
50%
with
50%
hell
49%
be
48%
done
48%
escape
47%
pretend
47%
days
45%
I'll
45%
than
45%
think
45%
God's
44%
yet
44%
you've
44%
carrying
43%
dad's
43%
destined
43%
pack
43%
repeat
43%
'til
43%
bags
42%
can't
42%
counting
42%
head
42%
mean
42%
running
42%
stronger
42%
weight
42%
half
41%
this
41%
just
40%
forget
39%
meet
39%
something
39%
through
39%
seen
38%
start
36%
veins
36%
what's
36%
afraid
35%
momma
35%
when
35%
has
33%
storm
33%
war
33%
outrun
32%
waiting
32%
raging
31%
keeps
30%
up
28%
feels
27%
losing
26%
stay
25%
No matching quizzes found
Score Distribution
Percent of People with Each Score
Percentile by Number Answered
Your Score History
You have not taken this quiz